Music for ear training : (Record no. 28916)
[ view plain ]
| 000 -LEADER | |
|---|---|
| fixed length control field | 01485ccm a2200277 a 4500 |
| 001 - CONTROL NUMBER | |
| control field | 12449253 |
| 005 - DATE AND TIME OF LATEST TRANSACTION | |
| control field | 20170516151700.0 |
| 008 - FIXED-LENGTH DATA ELEMENTS--GENERAL INFORMATION | |
| fixed length control field | 010622s2001 xxustz |
| 010 ## - LIBRARY OF CONGRESS CONTROL NUMBER | |
| LC control number | 2001547369 |
| 020 ## - INTERNATIONAL STANDARD BOOK NUMBER | |
| International Standard Book Number | 0534572685 |
| 040 ## - CATALOGING SOURCE | |
| Original cataloging agency | DLC |
| Transcribing agency | DLC |
| 050 00 - LIBRARY OF CONGRESS CALL NUMBER | |
| Classification number | MT35 |
| Item number | .H88 2001 |
| 100 1# - MAIN ENTRY--PERSONAL NAME | |
| Personal name | Horvit, Michael M. |
| 245 10 - TITLE STATEMENT | |
| Title | Music for ear training : |
| Remainder of title | CD-ROM and workbook / |
| Statement of responsibility, etc. | Michael Horvit, Timothy Koozin, Robert Nelson. |
| 246 30 - VARYING FORM OF TITLE | |
| Title proper/short title | Ear training |
| 250 ## - EDITION STATEMENT | |
| Edition statement | Annotated instructor's ed. |
| 260 ## - PUBLICATION, DISTRIBUTION, ETC. (IMPRINT) | |
| Place of publication, distribution, etc. | United States : |
| Name of publisher, distributor, etc. | Schirmer ; |
| Place of publication, distribution, etc. | Belmont, CA : |
| Name of publisher, distributor, etc. | Thomson Learning, |
| Date of publication, distribution, etc. | c2001. |
| 300 ## - PHYSICAL DESCRIPTION | |
| Extent | xxi, 409 p. of music ; |
| Dimensions | 28 cm. + |
| Accompanying material | 1 CD-ROM (4 3/4 in.) |
| 538 ## - SYSTEM DETAILS NOTE | |
| System details note | System requirements for accompanying CD-ROM: Windows 95: IBM PC-compatible; Intel 486SX, 33 MHz or faster; 16MB or more RAM; CD-ROM drive; 16-bit PCM sound card when using Soft Synthesizer or GM/XG-compatible external tone generator. |
| 538 ## - SYSTEM DETAILS NOTE | |
| System details note | System requirements for accompanying CD-ROM: Macintosh: Mac OS-compatible; PowerPC, 16MB or more RAM; Apple sound manager 3.0 compatible when using Soft Synthesizer or GM/XG-compatible external tone generator; Mac-OS 7.5 or later. |
| 650 #0 - SUBJECT ADDED ENTRY--TOPICAL TERM | |
| Topical term or geographic name as entry element | Ear training. |
| 700 1# - ADDED ENTRY--PERSONAL NAME | |
| Personal name | Koozin, Timothy. |
| 700 1# - ADDED ENTRY--PERSONAL NAME | |
| Personal name | Nelson, Robert, |
| Dates associated with a name | 1941- |
| 906 ## - LOCAL DATA ELEMENT F, LDF (RLIN) | |
| a | 7 |
| b | cbc |
| c | orignew |
| d | 3 |
| e | ncip |
| f | 20 |
| g | y-genmusic |
| 942 ## - ADDED ENTRY ELEMENTS (KOHA) | |
| Source of classification or shelving scheme | |
| Koha item type | Hard Covered Materials |
| Classification part | MT35 .H88 2001 |
| Withdrawn status | Lost status | Source of classification or shelving scheme | Damaged status | Not for loan | Home library | Current library | Shelving location | Date acquired | Total Checkouts | Full call number | Barcode | Date last seen | Price effective from | Koha item type |
|---|---|---|---|---|---|---|---|---|---|---|---|---|---|---|
| MACHAKOS UNIVERSITY LIBRARY | MACHAKOS UNIVERSITY LIBRARY | Technical section | 05/05/2017 | MT35 .H88 2001 | 36994 | 05/05/2017 | 05/05/2017 | Hard Covered Materials |